000 00602 a2200217 4500
001 62196
005 20260407155915.0
008 260407a1989 arg spa d
003 AR-UNSa-BCEJYS
040 _aAR-UNSa-BCEJYS
_bspa
_cAR-UNSa-BCEJYS
080 _a349.22:331.106
_xContrato de trabajo
245 1 0 _aContrato de trabajo
_pLey 20.744
020 _a978-950-14-0487-6
250 _a2a. ed.
264 1 _aBuenos Aires :
_bEdiciones Depalma
_c1989
300 _a251 p.
_c23 cm.
041 _aspa
942 _cBK
590 _aniveau_biblio:m niveau_hierar:0
100 1 _aMeilij, Gustavo Raúl
999 _c7595
_d7595